Marguerire Yourcenar: la invención de una vida

Kaydedildi:
Detaylı Bibliyografya
Yazar: Savigneau, Josyane (Yazar)
Materyal Türü: Kitap
Dil:İspanyolca
Baskı/Yayın Bilgisi: Madrid Alfaguara 1991
Edisyon:3a. ed
Konular:
Etiketler: Etiketle
Etiket eklenmemiş, İlk siz ekleyin!

MARC

LEADER 00000cam a2200000 a 4500
001 UCE7236
003 CL-VaPUC
008 150529e19910000sp |||||||||||||||||spa|d
020 |a 8420426806 
082 0 4 |a 928.41  |b SAV  |2 21 
100 0 |a Savigneau, Josyane  |e author  |9 579921 
245 1 0 |a Marguerire Yourcenar: la invención de una vida 
250 |a 3a. ed 
300 |a 574 p 
942 |c BK 
945 |d 20150529 15:00:00  |a gsalatino 
260 |a Madrid  |b Alfaguara  |c 1991 
650 0 |a Novela francesa  |9 264985 
650 7 |a NOVELAS EUROPEAS  |2 CL-VaPUC  |9 579922 
583 |a last modification  |c 20150529 15:00:00  |k Rodrigo Vera 
999 |c 359337  |d 359335 
952 |0 0  |1 0  |3 erb  |4 0  |6 928_410000000000000_SAV_1991  |7 0  |8 A  |9 468496  |a BIBEDU  |b BIBEDU  |e Villagrán Garnham, Jorge  |i 5176697  |o 928.41 SAV 1991  |p 5176697  |r 2019-11-23  |w 2019-11-23  |y BK  |z Catalogado en:20150529  |k LIT